000 00634nam a2200181 a 4500
005 20140412111310.0
008 010424s19uu xx 00 eng d
020 _a0-688-14026-2
050 _aTR(PS E
_bCo73 1987
100 _aKraus, Robert
245 _aCome out and play, little mouse /
_cby Robert Kraus; pictures by Jose Aruego& Ariane Dewey.
260 _aNew York :
_bA Mulberry Paperback Book,
_c1987.
300 _a1v. (unp.) ; ill.
520 _aLittle mouse is busy helping his family five days of the week but gets to play with them on weekends
650 _aMice-Fiction
650 _aDays-Fiction
999 _c103941
_d103941